|
|
|
|
| LEADER |
00000naa0a2200000 4500 |
| 001 |
665627 |
| 005 |
20250818131156.0 |
| 035 |
|
|
|a (RuTPU)RU\TPU\network\36830
|
| 035 |
|
|
|a RU\TPU\network\35998
|
| 090 |
|
|
|a 665627
|
| 100 |
|
|
|a 20211027d2021 k y0rusy50 ca
|
| 101 |
0 |
|
|a rus
|
| 102 |
|
|
|a KZ
|
| 135 |
|
|
|a drcn ---uucaa
|
| 181 |
|
0 |
|a i
|
| 182 |
|
0 |
|a b
|
| 200 |
1 |
|
|a Плазменная утилизация горючих отходов переработки отработавшего ядерного топлива замкнутого ядерного топливного цикла
|f А. Е. Тихонов, Н. И. Головков, Ю. Р. Беспала, И. Ю. Новосёлов
|
| 203 |
|
|
|a Текст
|c электронный
|
| 300 |
|
|
|a Заглавие с экрана
|
| 320 |
|
|
|a [Библиогр.: 2 назв.]
|
| 463 |
|
|
|t Атом. Наука. Технологии
|o сборник тезисов I Международной научной школы-конференции, Алматы, 14-16 Апреля 2021
|v [С. 70]
|d 2021
|
| 610 |
1 |
|
|a электронный ресурс
|
| 610 |
1 |
|
|a труды учёных ТПУ
|
| 701 |
|
1 |
|a Тихонов
|b А. Е.
|c специалист в области ядерных технологий
|c техник Томского политехнического университета
|f 1997-
|g Алексей Евгеньевич
|3 (RuTPU)RU\TPU\pers\46582
|9 22240
|
| 701 |
|
1 |
|a Головков
|b Н. И.
|g Никита Игоревич
|
| 701 |
|
1 |
|a Беспала
|b Ю. Р.
|g Юлия Рашидовна
|
| 701 |
|
1 |
|a Новосёлов
|b И. Ю.
|c специалист в области ядерных технологий
|c ассистент кафедры Томского политехнического университета
|f 1989-
|g Иван Юрьевич
|3 (RuTPU)RU\TPU\pers\32434
|
| 712 |
0 |
2 |
|a Национальный исследовательский Томский политехнический университет
|b Инженерная школа ядерных технологий
|b Отделение ядерно-топливного цикла
|3 (RuTPU)RU\TPU\col\23554
|
| 801 |
|
2 |
|a RU
|b 63413507
|c 20211027
|g RCR
|
| 856 |
4 |
|
|u http://www.nuclear.kz/journal/i-mezhdunarodnaya-nauchnaya-shkola-konferenciya-atomnaukatehnologii-14-16-aprely.html?lang=ru
|
| 942 |
|
|
|c CF
|